000 00506nam a2200181Ia 4500
005 20250326130056.0
008 250326s9999 xx 000 0 und d
037 _aTextbook
040 _aFMSL
_beng
_cFMSL
041 _aeng
_2eng
084 _aB28 N5
_qFMSL
100 _aGovt. OF India
245 0 _aPublic electricity supply all India statistics 1971-72
_cGovt. OF India
260 _aIndia
_bIndia, Manager
_c1975
300 _a162p
942 _cTB
_hB28 N5
999 _c1280808
_d1280808